| 000 | 00338nam a22001337a 4500 | ||
|---|---|---|---|
| 008 | 180222b xxu||||| |||| 00| 0 eng d | ||
| 020 | _a9780471347743 | ||
| 041 | _aeng | ||
| 080 |
_22nd _a330.722.6 |
||
| 100 | _a61 | ||
| 101 | _aKF | ||
| 245 |
_aFinancial accounting tools for business decision making _cKimmel |
||
| 942 |
_2udc _cBK |
||
| 999 |
_c43105 _d43105 |
||